000 00335nam a2200121 i 4500
001 bg
245 0 _aTverdye rastvory elementarnych poluprovodnikov i poluprovodnikovych soedinenij /
_cpod red. S.S. Gorelika.
260 _aMoskva,
_c1974.
040 _cBPK
041 _apol
942 _cKS
008 s pl f |000 0 pol
999 _c16088
_d16088
856 _uhttp://koha.tu.koszalin.pl/cgi-bin/koha/opac-detail.pl?biblionumber=16088
_yKatalog online BPK